000
00289nam a22001337a 4500
008
180827b xxu||||| |||| 00| 0 eng d
020
_a
9780558158507
041
_a
eng
080
_a
82
100
_a
22
101
_a
GJU
245
_a
AMERICAN LITERATURE
_c
BRYANT.J
942
_2
udc
_c
BK
999
_c
47335
_d
47335